01059 2200325 4500001002100000005001500021035002000036007000300056008004100059020002200100082001700122084001900139100003100158245014200189250003000331300005400361650001700415504003100432264003700463336002100500337003000521338002300551040002200574090002200596850001200618999002200630700002900652700003000681990002200711INLIS00000000088288220231030012327 a0010-1023000664ta231030s2023 yoia g | ind d a978-623-240-721-304223a629.1323 a629.1323 ARI e0 aArief HadiyantoePengarang10aEfek bird strike terhadap performa aerodinamika airfoil naca 2412 :bsimulasi CFD fluent /cArief Hadiyanto, D. Danardono, Eko P. Budiana aCetakan Pertama: Mei 2023 aiv, 94 halaman :btabel, gambar berwarna ;c20 cm 4aAerodinamika aBibliografi: halaman 78-8231aSleman :bDiandra Kreatif,c2023 2rdacontentateks 2rdamediaatanpa perantara 2rdacarrieravolume aYOPDYOGbinderda aCB-D.11 2023-2747 aYOPDYOG aCB-D.11/2023-27471 aDanardono, D.ePengarang0 aEko P. BudianaePengarang aCB-D.11/2023-2747